00698nam a2200205Ia 4500008004100000040001800041041000800059245013300067260003200200300000800232504003400240600002700274650002300301650002500324650001300349650002200362700003400384710003000418765004400448130821s1995 xxu grff spa  aCo-BoUCMbspa aspa aManual de Mason sobre procedimiento legislativocCentro para la Democracia ; traducción al español de Emilio Bernal Labrada. aWashingtonbEl Centroc1995 alii aIncluye glosario e índices. aMason, Pauld1898-198404aCiencia política04aCuerpos legislativos04aManuales04aPoder legislativo aBernal Labrada, Emilioetrad. aCentro Para La Democracia tMason's manual of legislative procedure